000 00386nam a2200157Ia 4500
008 230917s9999||||xx |||||||||||||| ||und||
040 _e122441
_aMAIN
041 _aEnglish
082 _a514 J78I
100 _aJoshi, K D
245 0 _aIntroduction to general topology
250 _aRevised
260 _aNew Delhi
_bNew Age International
_c2006
300 _a412p p.
942 _cBK
999 _c142512
_d142512